Business Policy and Strategic management : Text and Cses (Record no. 84958)

MARC details
000 -LEADER
fixed length control field 00498nam a2200193Ia 4500
008 - FIXED-LENGTH DATA ELEMENTS--GENERAL INFORMATION
fixed length control field 230125s9999 xx 000 0 und d
041 ## - LANGUAGE CODE
Language code of text/sound track or separate title eng
082 ## - DEWEY DECIMAL CLASSIFICATION NUMBER
Classification number 658.4012
Item number RAO
100 ## - MAIN ENTRY--PERSONAL NAME
Personal name Rao P S
9 (RLIN) 106184
245 ## - TITLE STATEMENT
Title Business Policy and Strategic management : Text and Cses
250 ## - EDITION STATEMENT
Edition statement 2nd ed
260 ## - PUBLICATION, DISTRIBUTION, ETC. (IMPRINT)
Date of publication, distribution, etc. 2010
Name of publisher, distributor, etc. Himalaya Publishing House
Place of publication, distribution, etc. Mumbai
300 ## - PHYSICAL DESCRIPTION
Extent 550p
500 ## - GENERAL NOTE
Keywords BPSM
650 ## - SUBJECT ADDED ENTRY--TOPICAL TERM
Topical term or geographic name as entry element Management
700 ## - ADDED ENTRY--PERSONAL NAME
Personal name Rao P S
9 (RLIN) 106184
906 ## - LOCAL DATA ELEMENT F, LDF (RLIN)
b 94
Holdings
Withdrawn status Lost status Damaged status Not for loan Home library Current library Date acquired Vendor Cost, normal purchase price Bill number Total Checkouts Full call number Barcode Date last seen Cost, replacement price Bill Date Koha item type Original Barcode
        Smt. Hiraben Nanavati Institute of Management & Research for Women Smt. Hiraben Nanavati Institute of Management & Research for Women 27/02/2012 Himalaya publishing house 375.00 A006126   658.4012 RAO B10899 HIMR-BK-10899 25/01/2023 281.00 05/12/2011 Books B10899